| 000 | 00614nam a2200181 a 4500 | ||
|---|---|---|---|
| 001 | 000016697 | ||
| 005 | 20200929164941.0 | ||
| 008 | 100309s20uu dr ac 001 0 spa d | ||
| 040 |
_aDO-SdBNP _bspa _cBNPHU |
||
| 082 |
_axxxx _bG633r |
||
| 100 | 1 |
_aGoméz Nin, José _937054 |
|
| 245 | 1 | 0 |
_aRaíces y memorias : _bnostálgias de un provinciano / _cJosé Goméz Nin. |
| 246 | 1 | 4 |
_aRaíces y memorias : _bnostálgias de un provinciano |
| 260 |
_a[Santo Domingo] : _bs.e], _c200?]. |
||
| 300 |
_a114 p. : _bil., retrs. ; _c21 cm. |
||
| 500 | _aIncluye datos biográficos del autor en la contracubierta | ||
| 049 | _aBNPD | ||
| 999 |
_c16230 _d16230 |
||